Introduction to optimization : (Record no. 52356)

MARC details
000 -LEADER
fixed length control field 00714nam a2200241Ia 4500
005 - DATE AND TIME OF LATEST TRANSACTION
control field 20260429112111.0
008 - FIXED-LENGTH DATA ELEMENTS--GENERAL INFORMATION
fixed length control field 260429s9999||||xx |||||||||||||| ||und||
020 ## - INTERNATIONAL STANDARD BOOK NUMBER
International Standard Book Number 9780367425500
041 ## - LANGUAGE CODE
Language English
082 ## - DEWEY DECIMAL CLASSIFICATION NUMBER
Classification number 519.6028
Item number WHE
100 ## - MAIN ENTRY--PERSONAL NAME
Personal name Wheeler, Jeffrey Paul
245 #0 - TITLE STATEMENT
Title Introduction to optimization :
Remainder of title with applications in machine learning and data analytics /
Statement of responsibility, etc Jeffrey Paul Wheeler
250 ## - EDITION STATEMENT
Edition statement 1st ed.
260 ## - PUBLICATION, DISTRIBUTION, ETC. (IMPRINT)
Place of publication, distribution, etc Boca Raton :
Name of publisher, distributor, etc CRC Press,
Date of publication, distribution, etc 2024.
300 ## - PHYSICAL DESCRIPTION
Extent xxv, 448 p.; hb
440 ## - SERIES STATEMENT/ADDED ENTRY--TITLE
Title Textbooks in mathematics
650 ## - SUBJECT ADDED ENTRY--TOPICAL TERM
Topical term or geographic name as entry element Data analytics
650 ## - SUBJECT ADDED ENTRY--TOPICAL TERM
Topical term or geographic name as entry element Optimization
650 ## - SUBJECT ADDED ENTRY--TOPICAL TERM
Topical term or geographic name as entry element Machine learning
700 ## - ADDED ENTRY--PERSONAL NAME
Personal name Rosen, Kennethg H.
700 ## - ADDED ENTRY--PERSONAL NAME
Personal name Boggess, Al
942 ## - ADDED ENTRY ELEMENTS (KOHA)
Koha item type Text Books
Holdings
Withdrawn status Lost status Damaged status Not for loan Collection code Home library Location Shelving location Date of Cataloging Source of acquisition Total Checkouts Full call number Barcode Date last seen Price effective from Koha item type
        Non-fiction CUTN Central Library CUTN Central Library Sciences 29/04/2026 CBS Publishers & Distributors, New Delhi - Invoice No. COR/IN/26/11710 on   519.6028 WHE 57432 29/04/2026 29/04/2026 Text Books